UBT Library

Fundamentals of nursing: (Record no. 1535)

000 -LEADER
fixed length control field 00303nam a22001097a 4500
008 - FIXED-LENGTH DATA ELEMENTS--GENERAL INFORMATION
fixed length control field 160423b xxu||||| |||| 00| 0 eng d
020 ## - INTERNATIONAL STANDARD BOOK NUMBER
International Standard Book Number 9780323079334
041 ## - LANGUAGE CODE
Language code of text/sound track or separate title eng
080 ## - UNIVERSAL DECIMAL CLASSIFICATION NUMBER
Universal Decimal Classification number 618.2
245 ## - TITLE STATEMENT
Title Fundamentals of nursing:
Statement of responsibility, etc Patrica A.Potter; Anne Griffin Perry; Patricia A. Stocker;
942 ## - ADDED ENTRY ELEMENTS (KOHA)
Source of classification or shelving scheme
Item type Books
Holdings
Withdrawn status Lost status Source of classification or shelving scheme Damaged status Not for loan Collection code Permanent location Current location Shelving location Date acquired Total Checkouts Full call number Barcode Date last seen Price effective from Koha item type
          Koleksioni i përgjithshem UBT - Lipjan UBT - Lipjan Koleksioni i përgjithshem 04/23/2016   618.2 POTT 002-036090 01/04/2017 04/23/2016 Books
          Koleksioni i përgjithshem UBT - Lipjan UBT - Lipjan Koleksioni i përgjithshem 10/19/2018   610..73 POT 002-3015397 10/19/2018 10/19/2018 Books
          Koleksioni i përgjithshem UBT - Lipjan UBT - Lipjan   11/07/2022   610.73 POT 002-800028700260472 11/07/2022 11/07/2022 Books
UBT Library © 2015-2024. All rights reserved University Education for Business and Technology